Rakúsko: Obchod so Slovenskom rastie

Hospodársky rast Rakúska v r.1994, charakteristika: oživenie bytovej výstavby, ale pokles cestovného ruchu. Vstup do Európskej únie. Pokles obchodného pasíva SR na polovicu za prvé tri štvrťroky 1994. Hospodárska spolupráca so SR.

Gespeichert in:
Bibliographische Detailangaben
1. Verfasser: Macháč, J.
Format: Buchkapitel
Sprache:Slowakisch
Schlagworte:
Tags: Tag hinzufügen
Keine Tags, Fügen Sie das erste Tag hinzu!

MARC

LEADER 00000naa a2200000 4500
001 r024416
005 20221205103104.6
041 0 |a slo 
044 |a SK 
245 1 0 |a Rakúsko: Obchod so Slovenskom rastie  |c J. Macháč 
520 |a Hospodársky rast Rakúska v r.1994, charakteristika: oživenie bytovej výstavby, ale pokles cestovného ruchu. Vstup do Európskej únie. Pokles obchodného pasíva SR na polovicu za prvé tri štvrťroky 1994. Hospodárska spolupráca so SR. 
610 2 0 |a rast hospodársky 
610 2 0 |a Rakúsko 
610 2 0 |a 1994 
610 2 0 |a situácia hospodárska 
610 2 0 |a dovoz 
610 2 0 |a vývoz 
610 2 0 |a Slovensko 
610 2 0 |a údaje štatistické 
610 2 0 |a vzťahy hospodárske vonkajšie 
610 2 0 |a obchod zahraničný 
100 1 |a Macháč, J.